Quantitative data analysis in education : a critical introduction using SPSS
Αποθηκεύτηκε σε:
| Κύριος συγγραφέας: | |
|---|---|
| Μορφή: | Βιβλίο |
| Γλώσσα: | English |
| Δημοσίευση: |
London ; New York :
Routledge,
[c2007]
|
| Θέματα: | |
| Ετικέτες: |
Προσθήκη ετικέτας
Δεν υπάρχουν, Καταχωρήστε ετικέτα πρώτοι!
|
MARC
| LEADER | 00000nam a2200000 i 4500 | ||
|---|---|---|---|
| 001 | 1/87679 | ||
| 008 | 080604s2007 eng d | ||
| 020 | |a 978-0-415-37298-5 (pbk.) | ||
| 020 | |a 0-415-37298-4 (pbk.) | ||
| 035 | |l 10097931 | ||
| 040 | |a GR-MY-UA |b gre |e aacr | ||
| 041 | 0 | |a eng | |
| 082 | 0 | |a 370.21 |2 (22) | |
| 100 | 1 | |a Connolly, Paul |d 1966- | |
| 245 | 1 | 0 | |a Quantitative data analysis in education : |b a critical introduction using SPSS / |c Paul Connolly |
| 260 | |a London ; New York : |b Routledge, |c [c2007] | ||
| 300 | |a xi, 268 σ.; |c 24 εκ. | ||
| 504 | |a Βιβλιογραφία: σ. [260]-261. Ευρετήριο | ||
| 630 | 0 | 0 | |a SPSS (Computer file) |
| 650 | 0 | 0 | |a Educational statistics. |
| 852 | |a INST |b LESVOS |e 20080911 |h 370.21 CON |p 005100043052 |q 005100043052 |t BK |y 0 | ||
| 852 | |a INST |b RHODES |e 20080604 |h 370.21 CON |p 005400027871 |q 005400027871 |t BK |y 0 | ||
| 901 | |a BIBL4-2008-2 | ||
| 901 | |a BIBL1-2008-3 | ||
| 909 | |a Ρ |b 152721 | ||
| 909 | |a Λ |b 152720 | ||
| 922 | |a 4ΕΛΗ |b 200803 |c ΕΠΕΑΕΚ2/ΤΕΠΑΕΣ |d ΠΑΠΑΣΩΤΗΡΙΟΥ | ||
| 922 | |a 1ΕΛΗ |b 200803 |c ΕΠΕΑΕΚ2/ΤΓ |d ΠΑΠΑΣΩΤΗΡΙΟΥ | ||
| 970 | |a ΚΟΖΑ |b ΜΑΡΙΑ |z 2008/06/03 | ||